Statistical Process Control : Demystified /

Salvato in:
Dettagli Bibliografici
Autore principale: Keller, Paul (Autore)
Natura: Libro
Lingua:inglese
Pubblicazione: New York McGraw Hill 2011
Serie:Demystified series
Soggetti:
Tags: Aggiungi Tag
Nessun Tag, puoi essere il primo ad aggiungerne!!

MARC

LEADER 00000nam a22000003a 4500
001 0064762
003 SK-STU
005 20180426073835.6
007 ta
008 180426s ----xo-----e------000-0-----d
020 |a 978-0-07-174249-8 
040 |a STU  |b slo 
041 0 |a eng 
044 |a xxu 
100 1 |a Keller, Paul  |4 aut 
245 1 0 |a Statistical Process Control : Demystified /  |c aut. Paul Keller 
260 |a New York  |b McGraw Hill  |c 2011 
300 |a 302 s. 
490 0 |a Demystified series 
650 0 7 |a kontrola kvality-metódy štatistické 
996 |b 284M087729  |c M* 14131-1  |l MMKN  |s A  |a 24  |w 0064762_0001